| 000 | 00837nam a22002537a 4500 | ||
|---|---|---|---|
| 003 | DO-SdBNP | ||
| 005 | 20250606135544.0 | ||
| 007 | ta | ||
| 008 | 210309b ||||| |||| 00| 0 spa d | ||
| 020 | _a9789945096569 | ||
| 040 |
_aDO-SdBNP _bspa _cBNPHU _erda |
||
| 082 | 4 |
_a158.1 _bS944c _222 |
|
| 100 | 1 | 0 |
_aSuero, Heraldo _978033 |
| 245 | 1 | 0 |
_aCorona al líder destronando a la víctima / _cHeraldo Suero ; ilustraciones Yocelín Ramírez |
| 260 |
_aSanto Domingo : _bBúho, _c2020 |
||
| 300 |
_a224 p. : _bil. ; _c21 cm |
||
| 590 | _aInventariado, 2021 / DG | ||
| 650 | 4 |
_aTécnicas de autoayuda _9387 |
|
| 650 | 0 |
_aAutorrealización (Psicología) _9211 |
|
| 700 |
_aRamìrez, Yocelìn _eIlustraciones _978034 |
||
| 700 |
_aEspinal _978035 |
||
| 910 | _aInventariado, 2021 / DG/Validado. Control de calidad MFF | ||
| 942 |
_2ddc _cLBS1 |
||
| 999 |
_c49513 _d49513 |
||